Government types of Europe Quiz Stats

 Plays Quiz not verified by Sporcle

Also try: City by Landmark
Challenge
Share
Tweet
Embed
Score 0/45 Timer 10:00
0 Plays Today
country government type % Correct
United Kingdomconstitutional monarchy
68.1%
Denmarkconstitutional monarchy
48.9%
Kosovorepublic
48.9%
Norwayconstitutional monarchy
48.9%
Swedenconstitutional monarchy
48.9%
Belarusrepublic
46.8%
Belgiumconstitutional monarchy
46.8%
Netherlandsconstitutional monarchy
46.8%
Francerepublic
44.7%
Germanyfederal republic
44.7%
Italyrepublic
44.7%
San Marino republic
44.7%
Irelandrepublic
42.6%
Maltarepublic
42.6%
Montenegrorepublic
42.6%
Polandrepublic
42.6%
Portugalrepublic
42.6%
Ukrainerepublic
42.6%
Cyprusrepublic
40.4%
Romaniarepublic
40.4%
Austriafederal republic
38.3%
Serbiarepublic
38.3%
Moldovarepublic
36.2%
country government type % Correct
Albaniaparliamentary democracy
34%
Liechtensteinconstitutional monarchy
34%
Luxembourgconstitutional monarchy
34%
Monacoconstitutional monarchy
34%
Bosnia and Herzegovinafederal republic
31.9%
Andorraparliamentary democracy
29.8%
Finlandrepublic
25.5%
Bulgariaparliamentary democracy
23.4%
Croatiaparliamentary democracy
23.4%
Czech Republic parliamentary democracy
23.4%
Latviaparliamentary democracy
23.4%
Hungaryparliamentary democracy
21.3%
Lithuaniaparliamentary democracy
21.3%
Macedoniaparliamentary democracy
21.3%
Slovakiaparliamentary democracy
21.3%
Switzerlandconfederation
15.6%
Estoniaparliamentary republic
12.8%
Greeceparliamentary republic
12.8%
Sloveniaparliamentary republic
12.8%
Vatican City (Holy See)ecclesiastical
6.4%
Icelandconstitutional republic
6.4%
Spainparliamentary monarchy
6.4%

You're not logged in!

Compare scores with friends on all Sporcle quizzes.
Join for Free
OR
Log In

You Might Also Like...

Show Comments

Extras

Top Quizzes Today


Score Distribution

Your Account Isn't Verified!

In order to create a playlist on Sporcle, you need to verify the email address you used during registration. Go to your Sporcle Settings to finish the process.

Report this User

Report this user for behavior that violates our Community Guidelines.

Details: